Does sustainable development lead to sustainability?
Nedostatky a rozpory v súčasnom porozumení koncepcie a stratégie ustáleného (trvalého) rozvoja v dlhodobom časovom horizonte a v globálnom meradle. Význam koncepcie ustáleného rozvoja. Trendy a tendencie ovplyvňujúce inštitucionalizáciu ustáleného rozvoja v globálnom meradle.
Gespeichert in:
| 1. Verfasser: | |
|---|---|
| Weitere Verfasser: | |
| Format: | Buchkapitel |
| Sprache: | Englisch |
| Schlagworte: | |
| Tags: |
Keine Tags, Fügen Sie das erste Tag hinzu!
|
MARC
| LEADER | 00000naa a2200000 4500 | ||
|---|---|---|---|
| 001 | r011511 | ||
| 005 | 20221213084917.0 | ||
| 041 | 0 | |a eng | |
| 044 | |a GB | ||
| 245 | 1 | 0 | |a Does sustainable development lead to sustainability? |c E.J. Yanarella, R.S. Levine |
| 520 | |a Nedostatky a rozpory v súčasnom porozumení koncepcie a stratégie ustáleného (trvalého) rozvoja v dlhodobom časovom horizonte a v globálnom meradle. Význam koncepcie ustáleného rozvoja. Trendy a tendencie ovplyvňujúce inštitucionalizáciu ustáleného rozvoja v globálnom meradle. | ||
| 610 | 2 | 0 | |a stratégia hospodárska |
| 610 | 2 | 0 | |a výhľad dlhodobý |
| 610 | 2 | 0 | |a vývoj |
| 610 | 2 | 0 | |a globalizácia |
| 610 | 2 | 0 | |a regionalizácia |
| 610 | 2 | 0 | |a vývoj spoločenský |
| 610 | 2 | 0 | |a ekológia |
| 100 | 1 | |a Yanarella, E.J. | |
| 700 | 1 | |a Levine, R.S. | |